LEADER 01767nam a2200313 u 4500 001 000000024781 003 CaOOAMICUS 005 20070226111405.0 008 950611s1935 it u000 u ita u 035 $a10630532 040 $aPUL(R)$bita 041 1 $aita$hlat 100 1 $aRossi, Amedeo,$cC.M.,$d1894-$0(OLS)http://pul/name/20647 245 13$aLa gnoseologia [o "Psicologia pura della conoscenza propria e attuale"] del prof. Giuseppe Zamboni :$bstudio critico /$cAmedeo Rossi. 250 $a2. ed. italiana sulla 1. ed. latina riveduta e arricchita dell'indice analitico. 260 $aPiacenza :$bCollegio Alberoni,$c1935. 300 $a310 p. ;$c26 cm 490 1 $aMonografie del Collegio Alberoni ;$v14 500 $a"Questo 'studio critico' pubblicato prima, in latino, sul 'Divus Thomas' di Piacenza (an. 1932-35), l'ho poi tradotto in italiano per la 'Rivista di filosofia neoscolastica di Milano'; su di essa, tuttavia, non poterono essere pubblicati che i primi due capitoli (an. 1932-34)". 500 $aPubblicazioni del prof. Zamboni esaminate in questo "studio critico": p. 7-8. 650 4$aGnoseologia.$0(OLS)http://pul/subject/1860 650 4$aFilosofia moderna.$0(OLS)http://pul/subject/703 830 0$aMonografie del Collegio Alberoni ;$v14.$0(OLS)http://pul/title/1651 850 $aPUL 852 $aPUL$W1$xDP1 Fondo Giannini$y60$m1556 A 13$j34668$nBK-PRI$b $qFondi$B34668$CPULBib$Z2$F34668 $H $81 941 1 $a1 961 $aINV: F. Giannini 996 $6245$aLa gnoseologia [o "Psicologia pura della conoscenza propria e attuale"] del prof. Giuseppe Zamboni :$bstudio critico$9(OLS)http://pul/title/34221 996 $6260$aPiacenza :$bCollegio Alberoni$9(OLS)http://pul/publisher/48538 LEADER 01296nam a2200313 a 4500 001 000000123896 003 CaOOAMICUS 005 20101209095903.0 008 101209t2010 it u000 u ita r 020 $a978-88-6244-111-7 040 $aPUL$bita 082 04$a234 100 1 $aDi Stefano, Alfredo.$0(OLS)http://pul/name/41214 245 11$a"Venite a mangiare" :$bil presbitero e il dono di presiedere l'Eucaristia /$cAlfredo Di Stefano. 260 $aPian di Porto (Todi) :$bTau Editrice,$c©2010. 300 $a62 p. ;$c17 cm 490 1 $aFedelmente 490 1 $aSpiritualitą 650 4$aEucaristia$xCulto.$0(OLS)http://pul/subject/1258 830 0$aFedelmente.$0(OLS)http://pul/title/141327 830 0$aSpiritualitą.$0(OLS)http://pul/title/65556 850 $aPUL 852 $aPUL$W1$xDP2 Religione 3$y114$m234 DISAL 1$j142765$qDDC 21$B141704$CPULBib$Z2$F141704 $H115215 $82 941 1 $a9 996 $6020$a978-88-6244-111-7$9(OLS)http://pul/number/146067 996 $6082$a234$9(OLS)http://pul/classification/573 996 $6245$a"Venite a mangiare" :$bil presbitero e il dono di presiedere l'Eucaristia$9(OLS)http://pul/title/156178 996 $6260$aPian di Porto (Todi) :$bTau Editrice$9(OLS)http://pul/publisher/79947